000 00360nam a2200145Ia 4500
008 150201s2004 xx 000 0 und d
082 _a617.6
_bD2004S
100 _aSADATULLA
245 _aDENTAL TECHNICIAN -DENTAL MATERIAL
250 _a2ND
260 _bPARAS PUBLISHING
_aHYDERABAD
_c2004
300 _a1-297
650 _aPROSTHODONTICS
942 _2ddc
_cBK
999 _c4380
_d4380